The bolshevik revolution 1917-1923 (Record no. 18401)
[ view plain ]
| 000 -LEADER | |
|---|---|
| fixed length control field | 00333nam a22001337a 4500 |
| 082 ## - DEWEY DECIMAL CLASSIFICATION NUMBER | |
| Classification number | 947.0842 CAR |
| 100 ## - MAIN ENTRY--PERSONAL NAME | |
| Personal name | Carr, E. H |
| 245 ## - TITLE STATEMENT | |
| Title | The bolshevik revolution 1917-1923 |
| 260 ## - PUBLICATION, DISTRIBUTION, ETC. | |
| Place of publication, distribution, etc. | Australia |
| Name of publisher, distributor, etc. | Penguin books |
| 300 ## - PHYSICAL DESCRIPTION | |
| Extent | 448p. |
| Other physical details | ill., 18cm |
| 500 ## - GENERAL NOTE | |
| General note | include index |
| 650 ## - SUBJECT ADDED ENTRY--TOPICAL TERM | |
| Topical term or geographic name entry element | the foundations of bolshevism |
| 942 ## - ADDED ENTRY ELEMENTS (KOHA) | |
| Koha item type | Books |
| Withdrawn status | Lost status | Source of classification or shelving scheme | Damaged status | Not for loan | Home library | Current library | Shelving location | Date acquired | Full call number | Barcode | Date last seen | Price effective from | Koha item type |
|---|---|---|---|---|---|---|---|---|---|---|---|---|---|
| Dewey Decimal Classification | IFM Main Campus Library | IFM Main Campus Library | 08/15/2017 | 947.0842 CAR | 0000011978 | 08/15/2017 | 08/15/2017 | Books |
